| 000 | 01447nam a2200385 c 4500 | ||
|---|---|---|---|
| 001 | 58109 | ||
| 003 | CO-BoRNBP | ||
| 005 | 20250815214307.0 | ||
| 007 | ta | ||
| 008 | 210812r20082021ag d er 000 0 spa | ||
| 020 | _a9789871305308 | ||
| 020 | _a9789871305520 | ||
| 040 |
_aCO-BoRNBP _bspa _erda _cCO-BoRNBP |
||
| 041 | 0 | _aspa | |
| 082 | 0 | 4 |
_a025.52 _bG17s _222 |
| 100 |
_aGarcía, Irma Luz _eaut _962448 |
||
| 245 | 1 | 0 |
_aServicio de referencia : _buna propuesta integradora / _cIrma Luz García, Mercedes Portugal ; prólogo de Susana Romanos de Tiratel. |
| 250 | _aPrimera edición, Segunda edición corregida y revisada | ||
| 264 | 1 |
_aBuenos Aires, Argentina : _bAlfagrama Ediciones, _c2021 |
|
| 300 |
_a278 páginas : _bilustraciones, cuadros |
||
| 336 |
_atexto _btxt _2rdacontent |
||
| 337 |
_asin mediación _bn _2rdamedia |
||
| 338 |
_avolumen _bnc _2rdacarrier |
||
| 490 | 0 | _aBiblioteca Alfagrama. Introducción a la biblioteconomía | |
| 500 | _aIncluye bibliografía en páginas 257-278 | ||
| 504 | _aIncluye bibliografía en páginas 257-278 | ||
| 521 | _aRecomendado para público adulto | ||
| 650 | 0 | 7 |
_aBibliotecas y usuarios _2LEMB _962449 |
| 650 | 0 | 7 |
_aBibliotecología _xenseñanza _2lemb _962450 |
| 650 | 0 | 7 |
_aServicio de referencia _2lemb _962451 |
| 650 | 0 | 7 |
_aServicios de información _2lemb _91915 |
| 700 |
_aPortugal, Mercedes _eaut _962452 |
||
| 700 |
_aRomanos de Tiratel, Susana _ewfw _962453 |
||
| 942 |
_2ddc _cBK |
||
| 999 |
_c58109 _d58109 |
||